Nobel Prize Winners - Sudden Death - Statistics

General Stats
  • This quiz has been taken 60 times
  • The average score is 6 of 17
Answers on the Grid
Answers color-coded by a green-red scale on the quiz's grid according to % correct below.
Barack Obama
Martin Luther King Jr.
Albert Einstein
Bob Dylan
Malala Yousafzai
Marie Curie
T. S. Eliot
Winston Churchill
Ernest Hemingway
Pablo Neruda
Dorothy Hodgkin
Alan Hodgkin
Alexander Fleming
Theodore Roosevelt
Selma Lagerlöf
Henry Taube
Enrico Fermi
Mahatma Gandhi
Eleanor Roosevelt
George Orwell
Stephen Hawking
Dimitri Mendeleev
James Joyce
Julian Assange
Pope Francis
Leo Tolstoy
florence nightingale
Nikola Tesla
Alexei Navalny
J. Robert Oppenheimer
 
Answer Stats
Answer % Correct
Barack Obama
53%
Albert Einstein
47%
Bob Dylan
47%
Marie Curie
47%
Malala Yousafzai
43%
Martin Luther King Jr.
43%
Theodore Roosevelt
43%
Winston Churchill
43%
Ernest Hemingway
37%
Enrico Fermi
30%
Pablo Neruda
30%
Selma Lagerlöf
23%
Alexander Fleming
20%
T. S. Eliot
20%
Dorothy Hodgkin
17%
Alan Hodgkin
7%
Henry Taube
3%
No matching quizzes found
Score Distribution
Percent of People with Each Score
Percentile by Number Answered
Your Score History
You have not taken this quiz